RB Leipzig Squad 2020-2021 - Statistics

General Stats
  • This quiz has been taken 50 times
    34 since last reset
  • The average score is 20 of 29
Answer Stats
# Position Nation Player % Correct
10 FW Sweden Emil Forsberg
100%
16 DF Germany Lukas Klostermann
97%
1 GK Hungary Péter Gulácsi
97%
9 FW Denmark Yussuf Poulsen
97%
5 DF France Dayot Upamecano
93%
7 MF Austria Marcel Sabitzer
93%
4 DF Hungary Willi Orban
93%
18 MF France Christopher Nkunku
90%
3 DF Spain Angeliño
87%
6 DF France Ibrahima Konaté
87%
23 DF Germany Marcel Halstenberg
87%
17 MF Hungary Dominik Szoboszlai
83%
25 MF Spain Dani Olmo
80%
11 FW South Korea Hee-chan Hwang
80%
14 MF United States Tyler Adams
80%
8 MF Mali Amadou Haidara
77%
- Coach Germany Julian Nagelsmann
77%
27 MF Austria Konrad Laimer
77%
19 FW Norway Alexander Sørloth
73%
44 MF Slovenia Kevin Kampl
73%
22 DF France Nordi Mukiele
73%
39 DF Germany Benjamin Henrichs
47%
21 FW Netherlands Justin Kluivert
47%
13 GK Germany Philipp Tschauner
30%
33 GK Spain Josep Martínez
23%
35 FW Germany Fabrice Hartmann
13%
20 MF Germany Lazar Samardžić
13%
41 FW Germany Dennis Borkowski
7%
32 GK Germany Tim Schreiber
7%
No matching quizzes found
Score Distribution
Percent of People with Each Score
Percentile by Number Answered
Your Score History
You have not taken this quiz since the last reset